Kingslayer - Bring Me The Horizon, BABYMETAL (All Lyrics) - Statistics

General Stats
  • This quiz has been taken 32 times
    29 since last reset
  • The average score is 203 of 259
Answer Stats
Answer % Correct
I
100%
Kingslayer,
100%
Kingslayer
100%
you
100%
you,
100%
You
100%
a
93%
the
93%
your
93%
and
87%
back
87%
back,
87%
come
87%
die,
87%
die
87%
Do
87%
Don't
87%
for
87%
from
87%
fuck
87%
Get
87%
get
87%
in
87%
is
87%
Is
87%
like
87%
Like
87%
my
87%
Of
87%
of
87%
off
87%
up,
87%
up
87%
You're
87%
you're
87%
angel
80%
are
80%
Are
80%
castles
80%
collect
80%
destroying
80%
Hi,
80%
it
80%
life
80%
Life
80%
sky
80%
This
80%
this
80%
to
80%
wake
80%
want?
80%
what
80%
when
80%
apple
73%
belly
73%
corrupted?
73%
corrupted
73%
crawling
73%
eye
73%
fight
73%
I'd
73%
I'll
73%
know
73%
looking
73%
lullaby
73%
me,
73%
modified
73%
need
73%
night
73%
on
73%
other
73%
puppet,
73%
right?
73%
sacrifice
73%
side?
73%
system
73%
System
73%
they
73%
us
73%
wanna
73%
Wipe
73%
world
73%
all
67%
another
67%
can't
67%
cut
67%
encrypted,
67%
ever
67%
Feel
67%
feel
67%
gonna
67%
knife
67%
monster?
67%
or
67%
programme
67%
really
67%
strings
67%
Tell
67%
twist
67%
until
67%
virus
67%
where
67%
yeah
67%
you'll
67%
bite?
60%
call
60%
day
60%
failure
60%
forevermore
60%
fucking
60%
lie
60%
loyalties
60%
never
60%
nothing
60%
Oh,
60%
quite
60%
seems
60%
alone
53%
Artificial
53%
bark
53%
find
53%
have
53%
motherfucking
53%
own
53%
ready?
53%
silly
53%
'til
53%
blade
47%
circling
47%
going
47%
shit
47%
battle
40%
drainpipe,
40%
getting
40%
hole
40%
We're
40%
down
33%
pain
33%
rabbit
33%
Blegh
27%
guide
27%
No matching quizzes found
Score Distribution
Percent of People with Each Score
Percentile by Number Answered
Your Score History
You have not taken this quiz since the last reset